| 000 | 00532nam a2200169Ia 4500 | ||
|---|---|---|---|
| 999 |
_c19193 _d19193 |
||
| 003 | OSt | ||
| 005 | 20200713125340.0 | ||
| 008 | 190216s9999||||xx |||||||||||||| ||und|| | ||
| 040 | _coclc | ||
| 082 |
_a954.83 _bKUR/W |
||
| 100 |
_aKurup, K K N _91879 _d1939- author. |
||
| 245 | 0 |
_aWilliam Logan : _bA Study In The Agrarian Relations Of The Malabar / _cK K N Kurup |
|
| 260 |
_bSandhya Publications, _aCalicut: _c1981. |
||
| 300 | _a128p | ||
| 650 | _aHistory | ||
| 942 |
_cBK _2ddc _h954.83 _iKUR/W _k954.83 _mKUR/W |
||